000 00260nam a2200109Ia 4500
008 190912s9999||||xx |||||||||||||| ||und||
100 _aJames,Glyn
245 0 _aModern Enginering Mathematics
260 _aEngland
_bMacmillan
_c1992
300 _a904
942 _cBK
999 _c7184
_d7184